<?xml version="1.0" encoding="UTF-8"?>
<collection xmlns="http://www.loc.gov/MARC21/slim">
 <record>
  <leader>     na                 </leader>
  <controlfield tag="001">INLIS000000000002770</controlfield>
  <controlfield tag="005">20251201090211</controlfield>
  <datafield tag="035" ind1=" " ind2=" ">
   <subfield code="a">0010-1225000002</subfield>
  </datafield>
  <controlfield tag="007">ta</controlfield>
  <controlfield tag="008">251201                b          0 ind  </controlfield>
  <datafield tag="020" ind1=" " ind2=" ">
   <subfield code="a">-</subfield>
  </datafield>
  <datafield tag="082" ind1=" " ind2=" ">
   <subfield code="a">398.2</subfield>
  </datafield>
  <datafield tag="084" ind1=" " ind2=" ">
   <subfield code="a">398.2 MUH k</subfield>
  </datafield>
  <datafield tag="100" ind1="0" ind2=" ">
   <subfield code="a">Muhammad Amin Al-Jundi</subfield>
  </datafield>
  <datafield tag="245" ind1="1" ind2=" ">
   <subfield code="a">Kisah Orang-Orang Shalih :</subfield>
   <subfield code="b">Lebih dari 100 Kisah Nyata Pembangkit Iman /</subfield>
   <subfield code="c">Muhammad Amin Al-Jundi</subfield>
  </datafield>
  <datafield tag="250" ind1=" " ind2=" ">
   <subfield code="a">Cetakan I</subfield>
  </datafield>
  <datafield tag="260" ind1=" " ind2=" ">
   <subfield code="a">- :</subfield>
   <subfield code="b">Tabinda,</subfield>
   <subfield code="c">2025</subfield>
  </datafield>
  <datafield tag="300" ind1=" " ind2=" ">
   <subfield code="a">392 :</subfield>
   <subfield code="b">ilus ;</subfield>
   <subfield code="c">-</subfield>
   <subfield code="e">-</subfield>
  </datafield>
  <datafield tag="600" ind1=" " ind2="4">
   <subfield code="a">Muhammad Amin Al-Jundi</subfield>
  </datafield>
  <datafield tag="856" ind1=" " ind2=" ">
   <subfield code="a">-</subfield>
  </datafield>
  <datafield tag="990" ind1=" " ind2=" ">
   <subfield code="a">25012</subfield>
  </datafield>
 </record>
</collection>
